000 00729nam a22002297a 4500
999 _c281166
_d281166
001 132543573543543649
003 UA-OsUOA
005 20220627162824.0
008 191009b un ||||| |||| 00| 0 ukr d
040 _aUA-OsUOA
_bukr
_cUA-OsUOA
_dUA-OsUOA
041 _aeng
080 _a852
090 _bQUI
100 _aQuinn F.
245 _aHuman rights and you
_cFrederick Quinn
260 _aWarsaw
_bOSCE/ODIHR
_c1997
300 _a252 p.
520 _aThis book is abou the main principals oh the human rights in the world and rights development in different countries and in different times.
650 _aLaw
942 _2udc
_cBK